000 00828cam a22002777a 4500
003 CHAP
005 20220329140850.0
008 971013s1971 mx r 00010 spa d
010 _a58927
011 _a59899
035 _a64059
040 _cCHAP
082 _a348.4
_bC4
100 0 0 _aChávez Padrón, Martha.
_922751
245 1 3 _aEl proceso social agrario y sus procedimiento
260 _aMéxico, D. F. :
_bPorrúa,
_c1971
300 _a319 p.
590 _aBATCH-UPD
_b10
_c20130110
_lUCH01
_h1450
590 _aBATCH-UPD
_b10
_c20130410
_lUCH01
_h0917
590 _aBATCH-UPD
_b10
_c20130914
_lUCH01
_h0927
590 _aCONVERSION
_b10
_c20130109
_lUCH01
_h1332
650 1 4 _aDerecho agrario
_xMéxico.
_931876
901 _aBK
942 _cLIBRO
949 _a348.4 C4
_bBC
_cLIBRO
_d33724000397675
_eLIBRO
_h46641
_i64059
_si
999 _c58927
_d58927